[Event "Titled Tuesday intern op 08th Aug Late"]
[Site "Chess.com INT"]
[Date "2023.08.08"]
[Round "9"]
[White "Delorme, Axel"]
[Black "Urazayev, Arystanbek"]
[Result "0-1"]
[WhiteElo "2495"]
[BlackElo "2460"]
[PlyCount "98"]
[EventDate "2023.08.08"]
[EventType "swiss (blitz)"]
[EventRounds "11"]
[EventCountry "USA"]
[SourceTitle "EXT 2024"]
[Source "ChessBase"]
[SourceDate "2023.10.10"]
[SourceVersion "1"]
[SourceVersionDate "2023.10.10"]
[SourceQuality "1"]

1. e4 c5 2. Nf3 e6 3. b3 a6 4. Bb2 d5 5. exd5 exd5 6. g3 Nf6 7. Bg2 Bd6 8. Qe2+ Be6 9. Ng5 Qe7 10. Nxe6 fxe6 11. 0-0 0-0 12. Re1 Re8 13. d4 cxd4 14. Bxd4 Nc6 15. Bb2 e5 16. Nd2 Qf7 17. c4 Nd4 18. Qd3 Bc5 19. cxd5 Rac8 20. Rac1 Nxd5 21. Ne4 Be7 22. Bxd4 Nb4 23. Qd2 exd4 24. Rxc8 Rxc8 25. Rc1 Nc6 26. Nc5 Ne5 27. Nxb7 Rxc1+ 28. Qxc1 Bf8 29. Nc5 Qc7 30. Nd3 Qxc1+ 31. Nxc1 d3 32. Bd5+ Kh8 33. Nxd3 Nxd3 34. Bc4 Nb4 35. a3 Nc2 36. Bxa6 Bxa3 37. Bc4 Bc5 38. Kf1 Nd4 39. f4 g6 40. h4 h5 41. Ke1 Nf5 42. Kd2 Nxg3 43. Kc3 Nf5 44. b4 Bf2 45. b5 Nxh4 46. Bd3 Kg7 47. Kc4 Ng2 48. Kd5 Nxf4+ 49. Ke4 Nxd3 0-1

[Event "Titled Tuesday intern op 08th Aug Early"]
[Site "Chess.com INT"]
[Date "2023.08.08"]
[Round "11"]
[White "Osiecki, Stanislaw"]
[Black "Delorme, Axel"]
[Result "0-1"]
[WhiteElo "1996"]
[BlackElo "2495"]
[PlyCount "108"]
[EventDate "2023.08.08"]
[EventType "swiss (blitz)"]
[EventRounds "11"]
[EventCountry "USA"]
[SourceTitle "EXT 2024"]
[Source "ChessBase"]
[SourceDate "2023.10.10"]
[SourceVersion "1"]
[SourceVersionDate "2023.10.10"]
[SourceQuality "1"]

1. e4 c5 2. c3 g6 3. Bc4 Bg7 4. Nf3 e6 5. e5 Nc6 6. Qe2 Nge7 7. 0-0 0-0 8. Re1 d5 9. exd6 Qxd6 10. d3 a6 11. a4 Nf5 12. Be3 Rb8 13. Nbd2 b5 14. axb5 axb5 15. Ne4 Qd8 16. Bb3 Nxe3 17. Qxe3 c4 18. dxc4 bxc4 19. Bxc4 Rxb2 20. Reb1 Rxb1+ 21. Rxb1 e5 22. h3 Bf5 23. Re1 Bxe4 24. Qxe4 Qd6 25. Qd5 Qxd5 26. Bxd5 Ne7 27. c4 Nxd5 28. cxd5 Rd8 29. Rd1 e4 30. Ng5 f5 31. Ne6 Rd6 32. Nc5 Be5 33. Kf1 g5 34. f3 exf3 35. gxf3 Kf7 36. Kg2 Rb6 37. Nd3 Bd4 38. Re1 Ra6 39. Ne5+ Bxe5 40. Rxe5 Kf6 41. Re8 Rd6 42. Rf8+ Ke5 43. Rg8 Kf4 44. h4 h6 45. hxg5 hxg5 46. Ra8 Rxd5 47. Ra4+ Ke3 48. Ra3+ Kf4 49. Ra4+ Ke5 50. Ra8 Rd2+ 51. Kg3 Kd4 52. Rg8 f4+ 53. Kh3 Ke3 54. Rxg5 Kxf3 0-1

[Event "Titled Tuesday intern op 08th Aug Late"]
[Site "Chess.com INT"]
[Date "2023.08.08"]
[Round "3"]
[White "Spichkin, Alexander"]
[Black "Delorme, Axel"]
[Result "0-1"]
[WhiteElo "2052"]
[BlackElo "2495"]
[PlyCount "102"]
[EventDate "2023.08.08"]
[EventType "swiss (blitz)"]
[EventRounds "11"]
[EventCountry "USA"]
[SourceTitle "EXT 2024"]
[Source "ChessBase"]
[SourceDate "2023.10.10"]
[SourceVersion "1"]
[SourceVersionDate "2023.10.10"]
[SourceQuality "1"]

1. f4 d5 2. Nf3 Bg4 3. e3 Nd7 4. d4 Ngf6 5. h3 Bxf3 6. Qxf3 e6 7. Bd3 c6 8. 0-0 Bd6 9. c4 0-0 10. Nc3 a6 11. Bd2 b5 12. c5 Bc7 13. Rad1 a5 14. f5 e5 15. e4 exd4 16. Ne2 Ne5 17. Qg3 dxe4 18. Bb1 Nf3+ 19. Rxf3 Bxg3 20. Rxg3 e3 21. Be1 Re8 22. Rxd4 Qe7 23. Bc3 b4 24. Be1 Qxc5 25. Rd1 Rad8 26. Rc1 Qb5 27. Nf4 e2 28. Bd3 Qb6+ 29. Kh2 Qd4 30. Nxe2 Qxb2 31. Rc2 Qe5 32. Kh1 c5 33. Bb5 Re7 34. Bf2 Rd1+ 35. Kh2 Ne4 36. Bxc5 Nxg3 37. Nxg3 Rc7 38. Re2 Rxc5 39. Rxe5 Rxe5 40. Bc4 a4 41. Nh5 Rd4 42. Bb5 b3 43. axb3 axb3 44. Be8 b2 45. f6 Rxh5 46. fxg7 b1Q 47. Bxf7+ Kxf7 48. Kg3 Qd3+ 49. Kh2 Rxh3+ 50. gxh3 Qe2+ 51. Kh1 Rd1# 0-1

[Event "Titled Tuesday intern op 08th Aug Early"]
[Site "Chess.com INT"]
[Date "2023.08.08"]
[Round "1"]
[White "Timofeev, Artyom"]
[Black "Delorme, Axel"]
[Result "1-0"]
[WhiteElo "2576"]
[BlackElo "2495"]
[PlyCount "25"]
[EventDate "2023.08.08"]
[EventType "swiss (blitz)"]
[EventRounds "11"]
[EventCountry "USA"]
[SourceTitle "EXT 2024"]
[Source "ChessBase"]
[SourceDate "2023.10.10"]
[SourceVersion "1"]
[SourceVersionDate "2023.10.10"]
[SourceQuality "1"]

1. c4 e6 2. Nc3 d5 3. d4 Nf6 4. Bg5 Nbd7 5. e3 Be7 6. Nf3 0-0 7. Rc1 b6 8. cxd5 exd5 9. Bd3 Bb7 10. 0-0 c5 11. dxc5 bxc5 12. Bf5 g6 13. Bh3 1-0

[Event "Titled Tuesday intern op 01st Aug Late"]
[Site "Chess.com INT"]
[Date "2023.08.01"]
[Round "3"]
[White "Delorme, Axel"]
[Black "Sahakyan, Aleks"]
[Result "0-1"]
[WhiteElo "2495"]
[BlackElo "2243"]
[PlyCount "98"]
[EventDate "2023.08.01"]
[EventType "swiss (blitz)"]
[EventRounds "11"]
[EventCountry "USA"]
[SourceTitle "EXT 2024"]
[Source "ChessBase"]
[SourceDate "2023.10.10"]
[SourceVersion "1"]
[SourceVersionDate "2023.10.10"]
[SourceQuality "1"]

1. e4 e6 2. d4 d5 3. Nc3 Nc6 4. e5 f6 5. Nf3 Nge7 6. exf6 gxf6 7. Bd3 a6 8. Bf4 Ng6 9. Bg3 Bd6 10. Qe2 Nb4 11. 0-0-0 Nxd3+ 12. Rxd3 Nf4 13. Bxf4 Bxf4+ 14. Kb1 Kf8 15. g3 Bd6 16. Re1 Rg8 17. Re3 Qd7 18. h4 Qf7 19. Na4 b6 20. c4 dxc4 21. Qxc4 Bb7 22. Nc3 b5 23. Qxe6 Qxe6 24. Rxe6 Kf7 25. R6e3 Rae8 26. Ne4 Bb4 27. Ned2 Bxf3 28. Rxe8 Rxe8 29. Rxe8 Bxd2 30. Rc8 Be4+ 31. Ka1 c6 32. Rc7+ Kg6 33. a3 Bd5 34. Re7 a5 35. Kb1 a4 36. Kc2 Bh6 37. Kc3 Bf8 38. Rc7 f5 39. Kd3 Bg7 40. Kc3 Bf6 41. Kd3 Be4+ 42. Kc3 f4 43. gxf4 Bxh4 44. Kb4 Bf6 45. Kc5 h5 46. Rxc6 Bxc6 47. Kxc6 Bxd4 48. Kxb5 Bxb2 49. Kxa4 h4 0-1